• 首页
  • 本馆介绍
  • 公告通知
  • 最新文献
  • 馆藏检索
  • 电子资源
  • 读者导购
  • 参考咨询
  • 我的图书馆
  • 登录
  • 详细信息显示
  • 放入我的书架
  • 预约/预借图书
  • 作者相关作品
  • 分类相关作品
  • 丛书相关作品
  • 出版社相关作品

书目信息

  • 表格格式
  • 工作单格式
  • 卡片格式
题名:
幼儿园家长工作技能与艺术
    
 
作者: 莫源秋 编著
分册:  
出版信息: 北京   中国轻工业出版社  2015
页数: 294页
开本: 24cm
丛书名:
单 册:
中图分类: G616
科图分类:
主题词: 幼儿园--家长工作(教育)
电子资源:
ISBN: 978-7-5184-0364-6
000 00739nam0 2200217 450
001 365
005 20180520211217.01
010    @a978-7-5184-0364-6@dCNY45.00
100    @a20150712d2015 em y0chiy50 ea
101 0  @achi
102    @aCN@b110000
105    @ay z 000yy
200 1  @a幼儿园家长工作技能与艺术@9you er yuan jia zhang gong zuo ji neng yu yi shu@f莫源秋编著
210    @a北京@c中国轻工业出版社@d2015
215    @a294页@d24cm
330    @a本书作者既细致地阐述了幼儿园家长工作的基本理论,又通过200多个案例介绍了具体的家长工作方法和技巧,使理论和实践得以完美结合。
606 0  @a幼儿园@x家长工作(教育)
690    @aG616@v5
701  0 @a莫源秋@9mo yuan qiu@4编著
801  0 @aCN@b91MARC@c20150712
905    @aMuseLib@dG616@e445
    
    幼儿园家长工作技能与艺术/莫源秋编著.-北京:中国轻工业出版社,2015
    294页;24cm
    
    
    ISBN 978-7-5184-0364-6:CNY45.00
    本书作者既细致地阐述了幼儿园家长工作的基本理论,又通过200多个案例介绍了具体的家长工作方法和技巧,使理论和实践得以完美结合。
●
相关链接 在E读中查询图书 在五车中查询图书 在当当中查询图书 在豆瓣中查询图书


正题名:幼儿园家长工作技能与艺术     索取号:G616/445         预约/预借

序号 登录号 条形码 馆藏地/架位号 状态 备注
1 1102122   211021222   第一样本阅览室/ [索取号:G616/445] 在馆    
2 1102123   211021231   教育系资料室/ [索取号:G616/445] 在馆    
3 1102124   211021240   教育系资料室/ [索取号:G616/445] 在馆    
4 1102125   211021259   教育系资料室/ [索取号:G616/445] 在馆    
5 1102126   211021268   第四借阅区/ [索取号:G616/445] 在馆    
6 1102127   211021277   第四借阅区/ [索取号:G616/445] 在馆    
唐山师范学院图书馆 欢迎您!
大连网信软件有限公司© 版权所有